• 首页
  • 本馆介绍
  • 公告通知
  • 最新文献
  • 馆藏检索
  • 电子资源
  • 读者导购
  • 参考咨询
  • 我的图书馆
  • 登录
  • 详细信息显示
  • 放入我的书架
  • 预约/预借图书
  • 作者相关作品
  • 分类相关作品
  • 丛书相关作品
  • 出版社相关作品

书目信息

  • 表格格式
  • 工作单格式
  • 卡片格式
书名: Questions of communication
作者: Rob Anderson, Veronica Ross.
分册号:
分册名:
出版地: New York :
 
出版社: St. Martin’s Press
出版时间: c1998.
页数: xvii, 348 p. :
开本: 24 cm.
丛书名:
中图分类号:
科图分类号:
其他分类号: C912.1
主题词:
电子资源:
000 01027cam a2200301 a 450
001 E0730773906
005 20070513083723.82
008 980107s1998 nyua b 001 0 eng
010    @a97065198
020    @a0312170866.
035    @A(DLC) 97065198
040    @aDLC@cDLC@dDLC
050 00 @aP90@b.A739 1998
082 00 @a302.2/01@2 21
090    @aC912.1
099    @dC912.1@ex143=2
100 1  @aAnderson, Rob,@d1945-
245 10 @aQuestions of communication :@ba practical introduction to theory / @cRob Anderson, Veronica Ross.
250    @a2nd ed.
260    @aNew York :@bSt. Martin’s Press,@cc1998.
300    @axvii, 348 p. :@bill. ;@c24 cm.
504    @aIncludes bibliographical references (p. 323-338) and index.
650  0 @aCommunication@xPhilosophy.
700 1  @aRoss, Veronica,@d1946 June 8-
906    @a7@bcbc@corignew@d3@eopcn@f19@gy-gencatlg
922    @aad
955    @apb07 01-07-98 to hlcd; lg01 01-09-98; lg15 01-12-98
991    @bc-GenColl@hP90@i.A739 1998@p00016479366@tCopy 1@wBOOKS
    
    Questions of communication : : a practical introduction to theory / / Rob Anderson, Veronica Ross.-2nd ed.-New York : : St. Martin’s Press, , c1998.
    xvii, 348 p. : : ill. ; ; 24 cm.
    Includes bibliographical references (p. 323-338) and index.
    
    ISBN 0312170866.
    
●
相关链接 在E读中查询图书 在五车中查询图书 在当当中查询图书 在豆瓣中查询图书


正题名:Questions of communication     索取号:C912.1/x143=2         预约/预借

序号 登录号 条形码 馆藏地/架位号 状态 备注
1 0008234   300082345   第二样本阅览室/ [索取号:C912.1/x143=2] 在馆    
2 0008235   300082354   第四借阅区/ [索取号:C912.1/x143=2] 在馆    
3 0008236   300082363   第四借阅区/ [索取号:C912.1/x143=2] 在馆    
4 0008237   300082372   第四借阅区/ [索取号:C912.1/x143=2] 在馆    
唐山师范学院图书馆 欢迎您!
大连网信软件有限公司© 版权所有